US State by Cities #2 - Statistics

General Stats
  • This quiz has been taken 892 times
  • The average score is 20 of 25
Answer Stats
Cities State % Correct
Fresno, Anaheim, San Bernardino California
98%
St. Augustine, Key West, Pensacola Florida
93%
Grand Junction, Boulder, Aspen Colorado
91%
Kansas City, Columbia, Independence Missouri
90%
Camden, Hoboken, Atlantic City New Jersey
90%
Hilo, Pearl City, Kailua Hawaii
89%
Greensboro, Asheville, Charlotte North Carolina
89%
Utica, Syracuse, Rochester New York
88%
Fort Wayne, South Bend, Gary Indiana
87%
Council Bluffs, Sioux City, Cedar Rapids Iowa
85%
Sioux Falls, Deadwood, Aberdeen South Dakota
85%
Billings, Kalispell, Missoula Montana
84%
Astoria, Bend, Eugene Oregon
83%
Shreveport, Lafayette, Monroe Louisiana
82%
Provo, St. George, Moab Utah
80%
Tupelo, Biloxi, Gulfport Mississippi
79%
Rockford, Aurora, Peoria Illinois
76%
Burlington, Rutland, Brattleboro Vermont
72%
Nashua, Manchester, Berlin New Hampshire
70%
Eau Claire, Kenosha, Racine Wisconsin
70%
Newport, Pawtucket, Bristol Rhode Island
69%
Seaford, Lewes, Wilmington Delaware
67%
Harpers Ferry, Huntington, Morgantown West Virginia
67%
Ocean City, Cumberland, Salisbury Maryland
62%
North Platte, Grand Island, Hastings Nebraska
58%
No matching quizzes found
Score Distribution
Percent of People with Each Score
Percentile by Number Answered
Your Score History
You have not taken this quiz